Detalles MARC
| 000 -CABECERA |
| campo de control de longitud fija |
02771ngm a22003970a 4500 |
| 001 - NÚMERO DE CONTROL |
| campo de control |
PT14904 |
| 003 - IDENTIFICADOR DEL NÚMERO DE CONTROL |
| campo de control |
AR-LpoUNG |
| 005 - FECHA Y HORA DE LA ÚLTIMA TRANSACCIÓN |
| campo de control |
20210202000141.0 |
| 007 - CAMPO FIJO DE DESCRIPCIÓN FÍSICA--INFORMACIÓN GENERAL |
| campo de control de longitud fija |
vd cvaizq |
| 008 - DATOS DE LONGITUD FIJA--INFORMACIÓN GENERAL |
| campo de control de longitud fija |
191001s2003||||ag |||||||||||||||||spa d |
| 040 ## - FUENTE DE LA CATALOGACIÓN |
| Centro catalogador/agencia de origen |
AR-LpoUNG |
| Lengua de catalogación |
spa |
| Centro/agencia transcriptor |
AR-LpoUNG |
| Normas de descripción |
aacr |
| 041 ## - CÓDIGO DE LENGUA |
| Código de lengua del texto/banda sonora o título independiente |
spa |
| 044 ## - CÓDIGO DEL PAÍS DE LA ENTIDAD EDITORA/PRODUCTORA |
| Código MARC del país |
ag |
| 082 0# - NÚMERO DE LA CLASIFICACIÓN DECIMAL DEWEY |
| Número de clasificación |
982 632v13 |
| 100 1# - ENTRADA PRINCIPAL--NOMBRE DE PERSONA |
| Nombre de persona |
Pigna, Felipe |
| Término indicativo de función/relación |
dir. |
| 245 10 - MENCIÓN DE TÍTULO |
| Título |
Historia Argentina 1983 - 1989 : |
| Resto del título |
el final de los principios |
| 260 ## - PUBLICACIÓN, DISTRIBUCIÓN, ETC. |
| Lugar de publicación, distribución, etc. |
Buenos Aires : |
| Nombre del editor, distribuidor, etc. |
Diana, |
| Fecha de publicación, distribución, etc. |
2003. |
| 300 ## - DESCRIPCIÓN FÍSICA |
| Extensión |
VHS (85 min.) : son., col. |
| 520 ## - SUMARIO, ETC. |
| Sumario, etc. |
Alfonsín presidente. Distribución del poder en todo el país. Conadep. Juicio a las Juntas Militares. Los desaparecidos. Los grupos económicos. El PAN. Fin de la censura cinematográfica. Deuda externa. Margaret Thatcher. Ronald Reagan. Desindustrialización. Endeudamiento. Exclusión. Grinspun. Política redistributiva. Sourrouille. Oposición peronista y gremial. Ubaldini. Final del conflicto del Beagle. Nuevo juicio a las Juntas. Economía de guerra. Plan Austral. Elecciones de 1985. La Historia Oficial gana el Oscar. La Capital Federal a Viedma. Argentina gana el Mundial de Fútbol en 1986. Resistencia peronista a las privatizaciones. Conflictividad social. Leyes de Punto Final y Obediencia Debida. Sublevación carapintada de Aldo Rico. "Felices Pascuas". Ley de divorcio. Profanación del cadáver de Perón. Elecciones de 1987. Apertura de la economía y reforma del Estado. Nueva sublevación de Aldo Rico. Plan Primavera. Amotinamiento de Seineldín. Crisis energética. Bush padre, presidente de EE.UU. Copamiento del Regimiento de La Tablada. Golpe de mercado. Escalada del dólar. Estallido social. Saqueos. Menem elegido presidente. Caos. Hiperinflación de 114 (porciento) mensual. Alfonsín sale anticipadamente el gobierno. Reportajes exclusivos:Raúl Alfonsín, Horacio Verbitsky, Adolfo Pérez Esquivel, Magdalena Ruiz Guiñazú, Luis Alberto Romero, Bernardo Neustadt, Bernardo Grinspun, Saúl Ubaldini, Adolfo Canitrot, Joaquín Morales Solá, Julio César Strassera, Adriana Calvo de Laborde, Tulio Halperín Donghi, Aldo Rico, Ricardo Molinas, Estela de Carlotto, Hebe de Bonafini, Eduardo Aliverti, León Gieco, Monseñor Justo Laguna, Jesús Rodríguez, Claudio Lozano. |
| 650 #4 - PUNTO DE ACCESO ADICIONAL DE MATERIA--TÉRMINO DE MATERIA |
| Término de materia o nombre geográfico como elemento de entrada |
ANALISIS HISTORICO |
| 650 #4 - PUNTO DE ACCESO ADICIONAL DE MATERIA--TÉRMINO DE MATERIA |
| Término de materia o nombre geográfico como elemento de entrada |
ARGENTINA |
| 650 #4 - PUNTO DE ACCESO ADICIONAL DE MATERIA--TÉRMINO DE MATERIA |
| Término de materia o nombre geográfico como elemento de entrada |
HISTORIA |
| 650 #4 - PUNTO DE ACCESO ADICIONAL DE MATERIA--TÉRMINO DE MATERIA |
| Término de materia o nombre geográfico como elemento de entrada |
HISTORIA POLITICA |
| 650 #4 - PUNTO DE ACCESO ADICIONAL DE MATERIA--TÉRMINO DE MATERIA |
| Término de materia o nombre geográfico como elemento de entrada |
HISTORIA SOCIAL |
| 650 #4 - PUNTO DE ACCESO ADICIONAL DE MATERIA--TÉRMINO DE MATERIA |
| Término de materia o nombre geográfico como elemento de entrada |
MEDIOS DE COMUNICACION |
| 650 #4 - PUNTO DE ACCESO ADICIONAL DE MATERIA--TÉRMINO DE MATERIA |
| Término de materia o nombre geográfico como elemento de entrada |
PROBLEMAS SOCIALES |
| 650 #4 - PUNTO DE ACCESO ADICIONAL DE MATERIA--TÉRMINO DE MATERIA |
| Término de materia o nombre geográfico como elemento de entrada |
SOCIEDAD |
| 651 #4 - PUNTO DE ACCESO ADICIONAL DE MATERIA--NOMBRE GEOGRÁFICO |
| Nombre geográfico |
Argentina |
| 653 ## - TÉRMINO DE INDIZACIÓN--NO CONTROLADO |
| Término no controlado |
DOCUMENTALES |
| 653 ## - TÉRMINO DE INDIZACIÓN--NO CONTROLADO |
| Término no controlado |
VIDEOS |
| 653 ## - TÉRMINO DE INDIZACIÓN--NO CONTROLADO |
| Término no controlado |
VIDEOS DIDACTICOS |
| 710 2# - PUNTO DE ACCESO ADICIONAL--NOMBRE DE ENTIDAD CORPORATIVA |
| Nombre de entidad corporativa o nombre de jurisdicción como elemento de entrada |
Escuela Superior de Comercio Carlos Pellegrini (Buenos Aires) |
| 710 2# - PUNTO DE ACCESO ADICIONAL--NOMBRE DE ENTIDAD CORPORATIVA |
| Nombre de entidad corporativa o nombre de jurisdicción como elemento de entrada |
Universidad de Buenos Aires |
| 905 ## - ELEMENTOS DE DATOS E LOCAL, LDE (RLIN) |
| a |
14904 |
| 942 ## - ELEMENTOS DE PUNTO DE ACCESO ADICIONAL (KOHA) |
| Tipo de ítem Koha |
Video |